<?xml version="1.0" encoding="UTF-8"?>
<record
    xmlns:xsi="http://www.w3.org/2001/XMLSchema-instance"
    xsi:schemaLocation="http://www.loc.gov/MARC21/slim http://www.loc.gov/standards/marcxml/schema/MARC21slim.xsd"
    xmlns="http://www.loc.gov/MARC21/slim">

  <leader>01299nam a2200265Ia 4500</leader>
  <datafield tag="999" ind1=" " ind2=" ">
    <subfield code="c">1918</subfield>
    <subfield code="d">1918</subfield>
  </datafield>
  <controlfield tag="001">43583041</controlfield>
  <controlfield tag="003">OCoLC</controlfield>
  <controlfield tag="005">20180921182113.0</controlfield>
  <controlfield tag="008">000307s1999    ko            000 0 eng d</controlfield>
  <datafield tag="020" ind1=" " ind2=" ">
    <subfield code="a">8983140380</subfield>
  </datafield>
  <datafield tag="040" ind1=" " ind2=" ">
    <subfield code="a">OOY</subfield>
    <subfield code="c">OOY</subfield>
  </datafield>
  <datafield tag="082" ind1=" " ind2=" ">
    <subfield code="a">234</subfield>
    <subfield code="b">J79r</subfield>
  </datafield>
  <datafield tag="090" ind1=" " ind2=" ">
    <subfield code="a">BT790</subfield>
    <subfield code="b">.J651 1999</subfield>
  </datafield>
  <datafield tag="092" ind1=" " ind2=" ">
    <subfield code="a">234</subfield>
    <subfield code="b">J73r</subfield>
  </datafield>
  <datafield tag="100" ind1="1" ind2=" ">
    <subfield code="a">Jong, Paul C.</subfield>
  </datafield>
  <datafield tag="245" ind1="1" ind2="0">
    <subfield code="a">Return to the gospel of the water and the Spirit /</subfield>
    <subfield code="c">Paul C. Jong.</subfield>
  </datafield>
  <datafield tag="260" ind1=" " ind2=" ">
    <subfield code="a">Seoul, Korea :</subfield>
    <subfield code="b">Hephzi-bah Publishing House,</subfield>
    <subfield code="c">1999.</subfield>
  </datafield>
  <datafield tag="300" ind1=" " ind2=" ">
    <subfield code="a">330 p. ;</subfield>
    <subfield code="c">23 cm.</subfield>
  </datafield>
  <datafield tag="505" ind1="0" ind2=" ">
    <subfield code="a">1. The meaning of the original gospel of being born again (John 3:1-6) -- 2. Pseudos and heretics within Christianity (Isaiah 28:13-14) -- 3. The true spiritual circumcision (Exodus 12:43-49) -- 4. How to make a correct confession of sin (I John 1:9) -- 5. The fallacy in the theory of predestination and divine election (Romans 8:28-30) -- 6. The changed priesthood (Hebrews 7:1-28) -- 7.  The baptism of Jesus is the indispensable process for redemption (Mathew 3:13-17) -- 8. Let us do the will of the Father with faith (Matthew 7:21-23) -- 9. Testimony of salvation.</subfield>
  </datafield>
  <datafield tag="600" ind1="0" ind2="0">
    <subfield code="a">Jesus Christ</subfield>
    <subfield code="x">Baptism.</subfield>
  </datafield>
  <datafield tag="610" ind1="2" ind2="0">
    <subfield code="a">New Life Mission</subfield>
    <subfield code="x">Doctrines.</subfield>
  </datafield>
  <datafield tag="630" ind1="0" ind2="0">
    <subfield code="a">Bible.</subfield>
    <subfield code="p">John, III, 16.</subfield>
  </datafield>
  <datafield tag="650" ind1=" " ind2="0">
    <subfield code="a">Regeneration (Theology)</subfield>
  </datafield>
  <datafield tag="942" ind1=" " ind2=" ">
    <subfield code="2">ddc</subfield>
    <subfield code="c">BK</subfield>
  </datafield>
  <datafield tag="952" ind1=" " ind2=" ">
    <subfield code="0">0</subfield>
    <subfield code="1">0</subfield>
    <subfield code="2">ddc</subfield>
    <subfield code="4">0</subfield>
    <subfield code="7">0</subfield>
    <subfield code="8">NFIC</subfield>
    <subfield code="a">HMC</subfield>
    <subfield code="b">HMC</subfield>
    <subfield code="c">GEN</subfield>
    <subfield code="d">2018-09-21</subfield>
    <subfield code="g">1000.00</subfield>
    <subfield code="l">0</subfield>
    <subfield code="o">234 J79r</subfield>
    <subfield code="p">002313</subfield>
    <subfield code="r">2018-09-21 00:00:00</subfield>
    <subfield code="w">2018-09-21</subfield>
    <subfield code="y">BK</subfield>
  </datafield>
</record>
